|
|
|
|
| LEADER |
01762nam a22003255i 4500 |
| 001 |
27120 |
| 003 |
BD-DhAAL |
| 005 |
20141202143645.0 |
| 008 |
141202s2012 bg b 000 0 beno |
| 010 |
|
|
|a 2012353290
|
| 020 |
|
|
|a 9789845591843
|
| 040 |
|
|
|a DLC
|b eng
|e rda
|c DLC
|d DLC
|d BD-DhAAL
|
| 082 |
|
|
|2 22
|a 307.1/412/095492
|
| 999 |
|
|
|c 33181
|d 33181
|
| 999 |
|
|
|c 33181
|
| 245 |
1 |
0 |
|a নারীর আর্থ-সামাজিক উন্নয়ন ও ক্ষমতায়নে সিভিডিপি'র প্রভাব /
|c নূরুন্ নাহার বেগম এবং অন্যান্য
|
| 246 |
3 |
1 |
|a Impact of CVDP on socio-economic development and empowerment of females
|
| 260 |
|
|
|a কুমিল্লা :
|b বাংলাদেশ পল্লী উন্নয়ন একাডেমী (বার্ড),
|c ২০১২
|
| 300 |
|
|
|a vi, ৮২ পৃ ;
|c ২৩ সে. মি.
|
| 504 |
|
|
|a বিবলিওগ্রাফী অন্তর্ভূক্ত (পৃ. ৬৯-৭০)
|
| 520 |
|
|
|a Articles on the role of Comprehensive Village Development Programme (CVDP) in socio-economic development of women in Bangladesh.
|
| 541 |
|
|
|e 27120
|
| 546 |
|
|
|a In Bengali.
|
| 610 |
2 |
0 |
|a Comprehensive Village Development Programme (Bangladesh)
|9 6417
|
| 650 |
|
0 |
|a Rural development projects
|z Bangladesh.
|9 6418
|
| 650 |
|
0 |
|a Women
|z Bangladesh
|x Social conditions.
|9 6419
|
| 650 |
|
0 |
|a Women
|z Bangladesh
|x Economic conditions.
|9 6165
|
| 700 |
1 |
|
|a বেগম, নূরুন্ নাহার
|9 6420
|
| 942 |
|
|
|2 ddc
|c BK
|
| 952 |
|
|
|0 0
|1 0
|2 ddc
|4 0
|6 307_100000000000000_412_095492_IMP
|7 0
|9 44293
|a BRACUL
|b BRACUL
|c GEN
|d 2014-12-02
|g 200.00
|l 0
|o 307.1412095492 IMP
|p 3010027120
|r 2014-12-02
|t 1
|w 2014-12-02
|y BK
|